00955nam a22001817a 4500003000900000008004100009040007100050082002500121100002800146245009700174260004700271300004000318505031700358650001400675650001300689650001300702700005800715AR-CdUCM190403b ||||| |||| 00| 0 spa d aMUNICIPALIDAD PROVINCIAL DEL CUSCOcBIBLIOTECA MUNICIPAL DEL CUSCO a614.88 /bL25 / 1909 aLara Molina, Modesto de aPrimeros socorros que deben prestarse en toda clase de accidentes :bPor humanidad y deber / aBarcelona :bCasa editorial maucci,c1909. a2 libros ; bIlustraciones c17 cm. aContenido : Primer libro : Accidentes por causas violentas -- Examen de los accidentados -- Método para desnudar a los pacientes ... Libro segundo : La tuberculosis es una enfermedad contagiosa -- Como se evita la tisis -- Como se evita la tisis (continuación) -- Como se evita la tisis (continuación) ... aPrimeros  aAuxilios aSocorros aLozano Ponce de Leon, Pablo (Autor del segundo libro)